000 00665cam a22001815a 4500
001 E142277
008 080201s1895 xxk eng u
035 _a(Sirsi) u142277
041 _aeng
245 0 0 _aNew post office, Dundee
_bschedule of the quantities of the several works required to be executed in the erection of proposed new post office at Meadowside and Constitution Roads and Euclid Street, Dundee, no.1 excavator, mason & brick works, schedule A
_h[manuscript]
260 _cApril 1895
300 _a1v.
_c34cm.
340 _aPrinted
351 _cSingle item
651 4 _aDundee
690 _aBUILT ENVIRONMENT-QUANTITY SURVEYING
942 _n0
999 _c116779
_d116779